LEADER 02256pam 2200589 450 001 9910454174703321 005 20200514202323.0 010 $a1-4742-1002-3 010 $a1-282-02461-2 010 $a9786612024610 010 $a0-8264-2745-6 024 7 $a10.5040/9781474210027 035 $a(CKB)1000000000722376 035 $a(EBL)436337 035 $a(OCoLC)318275169 035 $a(SSID)ssj0000145502 035 $a(PQKBManifestationID)11159117 035 $a(PQKBTitleCode)TC0000145502 035 $a(PQKBWorkID)10181514 035 $a(PQKB)10268495 035 $a(MiAaPQ)EBC436337 035 $a(Au-PeEL)EBL436337 035 $a(CaPaEBR)ebr10285145 035 $a(CaONFJC)MIL202461 035 $a(OCoLC)893334100 035 $a(OCoLC)1154944017 035 $a(UtOrBLW)bpp09257614 035 $a(EXLCZ)991000000000722376 100 $a19940107d1994 uy 0 101 0 $aeng 135 $aur|n|---||||| 181 $ctxt 182 $cc 183 $acr 200 10$aElizabethan essays /$fPatrick Collinson 210 1$aLondon ;$aRio Grande :$cHambledon Press,$d1994. 215 $a1 online resource (280 p.) 300 $aDescription based upon print version of record. 311 $a1-85285-092-2 320 $aIncludes bibliographical references and index. 327 $aContents; Illustrations; Acknowledgements; Preface; Abbreviations; 1 De Republica Anglorum: Or, History with the Politics Put Back; 2 The Monarchical Republic of Queen Elizabeth I; 3 Puritans, Men of Business and Elizabethan Parliaments; 4 Windows in a Woman's Soul: Questions about the Religion of Queen Elizabeth I; 5 'Not Sexual in the Ordinary Sense': Women, Men and Religious Transactions; 6 Truth and Legend: The Veracity of John Foxe's Book of Martyrs; 7 Perne the Turncoat: An Elizabethan Reputation; 8 William Shakespeare's Religious Inheritance and Environment; Index 606 $2General & world history 607 $aGreat Britain$xHistory$yElizabeth, 1558-1603 676 $a942/.03 700 $aCollinson$b Patrick$0201339 801 0$bUtOrBLW 801 1$bUtOrBLW 801 2$bUkLoBP 906 $aBOOK 912 $a9910454174703321 996 $aElizabethan essays$92246770 997 $aUNINA LEADER 01982oas 2200697 a 450 001 9910144892803321 005 20260218112158.0 035 $a(DE-599)ZDB2525670-1 035 $a(OCoLC)71127221 035 $a(CONSER) 2006234120 035 $a(CKB)1000000000239769 035 $a(DE-599)2525670-1 035 $a(EXLCZ)991000000000239769 100 $a20060824a20059999 uy a 101 0 $aeng 135 $aurcn||||||||| 181 $ctxt$2rdacontent 182 $cc$2rdamedia 183 $acr$2rdacarrier 200 00$aAfrican diaspora archaeology newsletter 210 $aUrbana, Ill. $cUniversity of Illinois, Urbana-Champaign$dİ2005- 311 08$a1933-8651 517 3 $aNewsletter 606 $aAfrican diaspora$vPeriodicals 606 $aAfricans$xMigrations$vPeriodicals 606 $aAfrican Americans$xHistory$vPeriodicals 606 $aAfrican Americans$2fast$3(OCoLC)fst00799558 606 $aAfrican diaspora$2fast$3(OCoLC)fst00799755 606 $aAfricans$xMigrations$2fast$3(OCoLC)fst00799945 606 $aAntiquities$2fast$3(OCoLC)fst00810745 607 $aAmerica$xAntiquities$vPeriodicals 607 $aAmerica$2fast 608 $aHistory.$2fast 608 $aPeriodicals.$2fast 615 0$aAfrican diaspora 615 0$aAfricans$xMigrations 615 0$aAfrican Americans$xHistory 615 7$aAfrican Americans. 615 7$aAfrican diaspora. 615 7$aAfricans$xMigrations. 615 7$aAntiquities. 676 $a304.8 712 02$aAfrican Diaspora Archaeology Network 801 0$bHUL 801 1$bHUL 801 2$bHUL 801 2$bNSD 801 2$bOCLCQ 801 2$bHEBIS 801 2$bCLU 801 2$bDLC 801 2$bOCLCQ 801 2$bOCLCF 801 2$bOCLCO 801 2$bOCLCQ 801 2$bOCLCL 801 2$bOCLCQ 906 $aJOURNAL 912 $a9910144892803321 996 $aAfrican diaspora archaeology newsletter$91913439 997 $aUNINA